000 00521nam a2200181Ia 4500
999 _c21891
_d21891
003 OSt
005 20200625135932.0
008 190216s9999||||xx |||||||||||||| ||und||
040 _coclc
082 _a954
_bGAN/P
100 _aGangadharan, T K
_91824
245 0 _aPoorvadhunika India Samooha Roopikaranam /
_cT K Gangadharan
250 _aI
260 _bCalicut University Central Co-Operative,
_aCalicut:
300 _a448p
650 _aHistory
942 _cBK
_2ddc
_h954
_iGAN/P
_k954
_mGAN/P